Amazon Prime Shows By Picture - Statistics

General Stats
  • This quiz has been taken 58 times
  • The average score is 5 of 16
Answer Stats
Picture Answer % Correct
The Boys
88%
Reacher
56%
Lord of the Rings:The Rings of Power
52%
Good Omens
42%
Mr and Mrs Smith
42%
Clarkson's Farm
33%
The Summer I Turned Pretty
31%
Gen V
25%
The Wheel of Time
25%
The Grand Tour
23%
Upload
17%
Citadel
12%
James May: Our Man In...
10%
Outer Range
10%
The Devil's Hour
8%
Harlem
6%
No matching quizzes found
Score Distribution
Percent of People with Each Score
Percentile by Number Answered
Your Score History
You have not taken this quiz